000 00901nam2a2200253 i 4500
001 RU\NLR\BIBL_A\010863474
005 20240728231434.0
010 _a9785000868614
_bч. 2
_919
021 _aRU
_b2015-71291
_94267
035 _a(NLR Aleph) 010863474
090 _a10432611
_c10432611
100 _a20151019d2015 u y0rusy50 ca
101 0 _arus
102 _aRU
105 _ay|||z|||000zy
200 0 _aЧ. 2
210 _d2015
215 _a546 с.
320 _aДр. произведения авт. на 546-й с.
461 0 _1001RU\NLR\BIBL_A\010879726
_12001#$aСистема жизни$fСимин В.И.$vЧ. 2
_1700#1$aСимин$bВ. И.$gВладимир Иванович
_910498363
_aСимин, В. И.
_cМосква
_d2015
_fСимин В.И.
_nПеро
_tСистема жизни
_y9785000868591
_vЧ. 2
942 _cBOOK
980 _aNBR